[Event "GER-chT U12 Girls"]
[Site "Berlin"]
[Date "2022.12.27"]
[Round "3"]
[White "Zhou, Leyi Charlotte"]
[Black "Bako, Isabella"]
[Result "1/2-1/2"]
[WhiteElo "1320"]
[BlackElo "1202"]
[PlyCount "102"]
[EventDate "2022.12.26"]
[EventType "team-swiss"]
[EventRounds "7"]
[EventCountry "GER"]
[SourceTitle "CBM 212 Extra"]
[Source "ChessBase"]
[SourceDate "2023.03.31"]
[SourceVersion "1"]
[SourceVersionDate "2023.03.31"]
[SourceQuality "1"]
[WhiteTeam "Weisse Dame"]
[BlackTeam "Heidesheim"]
[WhiteTeamCountry "GER"]
[BlackTeamCountry "GER"]

1. e4 c5 2. Nf3 d6 3. d4 cxd4 4. Qxd4 a6 5. Nc3 Nc6 6. Qd1 g6 7. Bc4 h6 8. 0-0 Bg7 9. Re1 Nf6 10. Bf4 Nd7 11. Qe2 Nb6 12. Bb3 0-0 13. Rad1 Na5 14. e5 Nxb3 15. axb3 d5 16. Qd2 g5 17. Be3 e6 18. Bc5 Re8 19. Qd4 Nd7 20. Na4 Nxc5 21. Nxc5 b6 22. Ne4 Rf8 23. c4 f6 24. cxd5 fxe5 25. Nxe5 Qxd5 26. Qxd5 exd5 27. Rxd5 Bb7 28. Rd7 Bxe4 29. Rxe4 Rfe8 30. Rd5 Re6 31. f3 Rae8 32. Nc4 Rxe4 33. fxe4 Rxe4 34. Nxb6 Bd4+ 35. Rxd4 Rxd4 36. Nc4 Rd3 37. Na5 Rd5 38. Nc4 Rb5 39. Nd2 Kf7 40. Kf2 Ke6 41. Kf3 Re5 42. Nc4 Rf5+ 43. Kg3 h5 44. h3 Rf4 45. Kh2 Rh4 46. g3 Re4 47. Kg2 h4 48. gxh4 gxh4 49. Kf3 Rd4 50. Ke3 Kd5 51. Nb6+ Ke5 1/2-1/2

[Event "Bayern Jubilar U12"]
[Site "Bayreuth"]
[Date "2022.08.28"]
[Round "2"]
[White "Noennig, Jakob1111"]
[Black "Bako, Isabella"]
[Result "1-0"]
[WhiteElo "1503"]
[BlackElo "1251"]
[PlyCount "55"]
[EventDate "2022.08.27"]
[EventType "swiss"]
[EventRounds "7"]
[EventCountry "GER"]
[SourceTitle "EXT 2023"]
[Source "ChessBase"]
[SourceDate "2022.10.05"]
[SourceVersion "1"]
[SourceVersionDate "2022.10.05"]
[SourceQuality "1"]

1. e4 c5 2. Nf3 d6 3. d4 cxd4 4. Nxd4 Nf6 5. Nc3 g6 6. Be3 Bg7 7. f3 0-0 8. Bc4 Nc6 9. Qd2 Bd7 10. 0-0-0 Rc8 11. Bb3 Ne5 12. Kb1 Nc4 13. Bxc4 Rxc4 14. g4 Qc7 15. h4 h5 16. gxh5 Nxh5 17. Rhg1 Rb8 18. Nd5 Qd8 19. Rg5 b5 20. Rdg1 b4 21. Rxh5 e6 22. Nf4 e5 23. Nxg6 exd4 24. Bh6 Qb6 25. Ne7+ Kf8 26. Bxg7+ Kxe7 27. Qg5+ Ke8 28. Rh8# 1-0

[Event "GER-ch U10 Girls"]
[Site "Willingen"]
[Date "2021.08.29"]
[Round "11"]
[White "Xiao, Yiyi1111"]
[Black "Bako, Isabella"]
[Result "1/2-1/2"]
[WhiteElo "1368"]
[BlackElo "1173"]
[PlyCount "109"]
[EventDate "2021.08.22"]
[EventType "swiss"]
[EventRounds "11"]
[EventCountry "GER"]
[SourceTitle "EXT 2022"]
[Source "ChessBase"]
[SourceDate "2021.10.06"]
[SourceVersion "1"]
[SourceVersionDate "2021.10.06"]
[SourceQuality "1"]

1. e4 c5 2. Nf3 d6 3. d4 cxd4 4. Nxd4 Nf6 5. Nc3 g6 6. f3 Bg7 7. Be3 0-0 8. Qd2 Nc6 9. 0-0-0 d5 10. Nxc6 bxc6 11. g4 Be6 12. exd5 cxd5 13. Kb1 a5 14. h4 h5 15. gxh5 Nxh5 16. Be2 Rb8 17. f4 Ng3 18. Rhe1 Ne4 19. Nxe4 Rxb2+ 20. Kc1 Qb8 21. Nc3 Rxa2 22. Bb5 Qxb5 23. Qd3 Qb2+ 24. Kd2 Bf5 25. Rb1 Bxd3 26. Rxb2 Rxb2 27. Kxd3 Bxc3 28. Kxc3 Rbb8 29. f5 gxf5 30. h5 e5 31. Bg5 Rfc8+ 32. Kd2 Kg7 33. Rg1 Kh7 34. Bf6 Rg8 35. Rf1 Rb2 36. Kc1 Rb5 37. Bxe5 a4 38. Rxf5 Rg1+ 39. Kd2 Kg8 40. h6 Rb7 41. Rh5 Kh7 42. Bg7 Rb5 43. Rf5 Kg6 44. Rf6+ Kh7 45. Rxf7 Rg2+ 46. Kd3 Rg3+ 47. Ke2 Rh3 48. Ra7 Rh2+ 49. Kf3 Kg6 50. Rxa4 Rxc2 51. Ra6+ Kh7 52. Ra7 Rc4 53. Ke3 Re4+ 54. Kd2 Rb2+ 55. Bxb2+ 1/2-1/2

[Event "GER-ch U10 Girls"]
[Site "Willingen"]
[Date "2021.08.27"]
[Round "8"]
[White "Hefele, Stefanie"]
[Black "Bako, Isabella"]
[Result "1-0"]
[WhiteElo "1044"]
[BlackElo "1173"]
[PlyCount "43"]
[EventDate "2021.08.22"]
[EventType "swiss"]
[EventRounds "11"]
[EventCountry "GER"]
[SourceTitle "EXT 2022"]
[Source "ChessBase"]
[SourceDate "2021.10.06"]
[SourceVersion "1"]
[SourceVersionDate "2021.10.06"]
[SourceQuality "1"]

1. e4 c6 2. c4 e6 3. Nc3 Ne7 4. e5 Ng6 5. d4 d6 6. exd6 Bxd6 7. Nf3 0-0 8. Bd3 c5 9. dxc5 Bxc5 10. 0-0 b6 11. Be4 Nc6 12. Bxc6 Rb8 13. Be3 Qxd1 14. Rfxd1 Bxe3 15. fxe3 e5 16. Rd2 Ne7 17. Be4 f5 18. Bd5+ Nxd5 19. Nxd5 e4 20. Ne5 Kh8 21. Ne7 Re8 22. Nf7# 1-0

[Event "GER-ch U10 Girls"]
[Site "Willingen"]
[Date "2021.08.26"]
[Round "7"]
[White "Bako, Isabella"]
[Black "Wagner, Cosima"]
[Result "1-0"]
[WhiteElo "1173"]
[BlackElo "1110"]
[PlyCount "99"]
[EventDate "2021.08.22"]
[EventType "swiss"]
[EventRounds "11"]
[EventCountry "GER"]
[SourceTitle "EXT 2022"]
[Source "ChessBase"]
[SourceDate "2021.10.06"]
[SourceVersion "1"]
[SourceVersionDate "2021.10.06"]
[SourceQuality "1"]

1. d4 Nf6 2. Nf3 g6 3. Nc3 d6 4. e4 Bg7 5. Be3 Nc6 6. Qd2 e5 7. dxe5 dxe5 8. Qxd8+ Kxd8 9. 0-0-0+ Ke7 10. Bc5+ Ke8 11. Bc4 Bd7 12. Ng5 Bh6 13. Bxf7+ Kd8 14. h4 Kc8 15. Kb1 b6 16. Ba3 Kb7 17. f3 Nd4 18. Nd5 Nxd5 19. Bxd5+ c6 20. Bb3 Rhe8 21. Bf7 Red8 22. Be7 Rdc8 23. c3 Rc7 24. cxd4 Bc8 25. Bd6 Rd7 26. dxe5 Bxg5 27. Be6 Rxd6 28. Rxd6 Bxe6 29. Rxe6 Bf4 30. Rd1 Rc8 31. Rd7+ Rc7 32. Rxc7+ Kxc7 33. Re7+ Kb8 34. Rxh7 Bxe5 35. h5 gxh5 36. Rxh5 Bc7 37. g4 Kc8 38. g5 Kb7 39. Rh7 Kb8 40. Rxc7 Kxc7 41. g6 Kb8 42. g7 Kb7 43. g8Q a6 44. f4 a5 45. f5 Ka6 46. f6 Kb7 47. f7 Ka6 48. f8Q Kb7 49. Qa8+ Kc7 50. Qgd8# 1-0

[Event "GER-ch U10 Girls"]
[Site "Willingen"]
[Date "2020.10.28"]
[Round "3"]
[White "Bako, Isabella"]
[Black "Tran, Hanna Emilie Mai Ho"]
[Result "1-0"]
[WhiteElo "1153"]
[BlackElo "986"]
[PlyCount "55"]
[EventDate "2020.10.26"]
[EventType "swiss"]
[EventRounds "7"]
[EventCountry "GER"]
[SourceTitle "CBM 199 Extra"]
[Source "ChessBase"]
[SourceDate "2021.01.31"]
[SourceVersion "1"]
[SourceVersionDate "2021.01.31"]
[SourceQuality "1"]

1. e4 e5 2. Nf3 Nf6 3. Nxe5 d6 4. Nf3 Nxe4 5. Nc3 Nxc3 6. dxc3 Bg4 7. Be3 Nc6 8. Be2 Be7 9. Qd2 Qd7 10. 0-0-0 0-0-0 11. Nd4 Bxe2 12. Qxe2 Ne5 13. Nf3 Nxf3 14. Qxf3 Qa4 15. Kb1 f6 16. Rhe1 Qb5 17. Qg4+ Kb8 18. Bxa7+ Kxa7 19. Rxe7 Qc6 20. Qxg7 Rc8 21. Qxf6 Rhg8 22. Qf5 Rxg2 23. Qxc8 Qd5 24. Rc1 Rxh2 25. Qxc7 h5 26. c4 Qh1 27. Qa5+ Kb8 28. Re8# 1-0

[Event "EU Union-ch U10"]
[Site "Kouty nad Desnou"]
[Date "2020.08.16"]
[Round "3"]
[White "Roessler, Helena"]
[Black "Bako, Isabella"]
[Result "1-0"]
[WhiteElo "1166"]
[BlackElo "1180"]
[PlyCount "111"]
[EventDate "2020.08.14"]
[EventType "swiss"]
[EventRounds "9"]
[EventCountry "CZE"]
[SourceTitle "EXT 2021"]
[Source "ChessBase"]
[SourceDate "2020.10.23"]
[SourceVersion "1"]
[SourceVersionDate "2020.10.23"]
[SourceQuality "1"]

1. e4 c5 2. Nf3 d6 3. d4 cxd4 4. Nxd4 Nf6 5. Nc3 g6 6. f4 Bg7 7. e5 dxe5 8. fxe5 Ng4 9. Bb5+ Kf8 10. Ne6+ fxe6 11. Qxd8+ Kf7 12. Qd1 Rf8 13. Qxg4 Kg8 14. Bg5 Rf7 15. 0-0-0 Nc6 16. h4 Nxe5 17. Qh3 h6 18. Rd8+ Kh7 19. Kb1 h5 20. Be2 Rf2 21. g4 Nf7 22. Be3 Rf6 23. gxh5 gxh5 24. Bxh5 b6 25. Bxf7 Rxf7 26. h5 Rf8 27. Rxf8 Bxf8 28. Qg3 e5 29. Qg6+ Kh8 30. Rf1 Bg7 31. Qe8+ Kh7 32. Rf7 Be6 33. Qxa8 Bxf7 34. h6 Bxh6 35. Bxh6 Kxh6 36. Qf8+ Kg6 37. Qxe7 a5 38. Qxe5 Bc4 39. Qe4+ Kg5 40. Qxc4 Kf5 41. Qe4+ Kf6 42. Nd5+ Kf7 43. Qe7+ Kg6 44. Nf4+ Kf5 45. Qf7+ Ke5 46. Ng6+ Kd4 47. Qe6 Kc5 48. a3 a4 49. b4+ Kb5 50. Qd5+ Ka6 51. Ne5 b5 52. Qc6+ Ka7 53. Qc5+ Kb7 54. Kb2 Kb8 55. Kc3 Kb7 56. Kd4 1-0

[Event "Heusenstamm Sparkassen op-B 6th"]
[Site "Heusenstamm"]
[Date "2019.11.22"]
[Round "2"]
[White "Bako, Isabella"]
[Black "Kuran, Rainer"]
[Result "0-1"]
[WhiteElo "1177"]
[BlackElo "1464"]
[PlyCount "116"]
[EventDate "2019.11.21"]
[EventType "swiss"]
[EventRounds "7"]
[EventCountry "GER"]
[SourceTitle "CBM 194 Extra"]
[Source "ChessBase"]
[SourceDate "2020.03.31"]
[SourceVersion "1"]
[SourceVersionDate "2020.03.31"]
[SourceQuality "1"]

1. e4 c6 2. d4 d5 3. Nc3 dxe4 4. Nxe4 Bf5 5. Bd3 e6 6. Nf3 Be7 7. Qe2 Nf6 8. Nxf6+ Bxf6 9. Bxf5 Qa5+ 10. Nd2 Qxf5 11. Nc4 Be7 12. 0-0 0-0 13. Re1 Nd7 14. c3 Rfd8 15. Ne3 Qg6 16. Rd1 Nf6 17. c4 Rd7 18. b3 Rad8 19. Bb2 Bd6 20. d5 cxd5 21. cxd5 Nxd5 22. Rac1 Nxe3 23. fxe3 Qg5 24. Rc4 Bxh2+ 25. Kxh2 Rxd1 26. Qf3 R1d2 27. Bc1 Qe5+ 28. Qf4 Qh5+ 29. Qh4 Qxh4+ 30. Rxh4 Rxa2 31. Rb4 b6 32. Rc4 h6 33. Rc7 Rd3 34. b4 Rd1 35. Kg3 Rg1 36. Rc8+ Kh7 37. Rf8 Rxc1 38. Rxf7 Kg6 39. Re7 Kf6 40. Rd7 a5 41. b5 Rb1 42. Rb7 Rxb5 43. Kf3 a4 44. Ra7 a3 45. Ke4 Ra1 46. Kd4 a2 47. Kc4 Ra5 48. Rxa5 bxa5 49. Kb3 Rb1+ 50. Kxa2 Rb4 51. Ka3 Ke5 52. g4 Ke4 53. g5 h5 54. g6 Kd3 55. e4 e5 56. Ka2 Kc3 57. Ka1 Kc2 58. Ka2 Ra4# 0-1

[Event "GER-chT Lands U20"]
[Site "Wuerzburg"]
[Date "2019.10.04"]
[Round "4.6"]
[White "Bako, Isabella"]
[Black "Visvikis, Kassandra"]
[Result "0-1"]
[WhiteElo "1266"]
[BlackElo "1531"]
[PlyCount "126"]
[EventDate "2019.10.01"]
[EventType "team-swiss"]
[EventRounds "7"]
[EventCountry "GER"]
[SourceTitle "EXT 2020"]
[Source "ChessBase"]
[SourceDate "2019.10.17"]
[SourceVersion "1"]
[SourceVersionDate "2019.10.17"]
[SourceQuality "1"]
[WhiteTeam "South Team"]
[BlackTeam "Baden"]
[WhiteTeamCountry "GER"]
[BlackTeamCountry "GER"]

1. e4 e5 2. Nf3 Nc6 3. Bb5 a6 4. Ba4 Nf6 5. 0-0 b5 6. Bb3 Be7 7. Re1 d6 8. c3 Bb7 9. d4 Nb8 10. Nbd2 Nbd7 11. Bc2 0-0 12. Nf1 Re8 13. Ng3 Bf8 14. d5 c6 15. dxc6 Bxc6 16. Nf5 Nc5 17. Nd2 g6 18. Ng3 Qc7 19. Nf3 h6 20. b4 Ne6 21. Be3 Rad8 22. Qd2 Kh7 23. h3 d5 24. exd5 Nxd5 25. Qc1 f5 26. Bd2 Nef4 27. Ne2 Bb7 28. Nxf4 Nxf4 29. Bxf4 exf4 30. Rxe8 Rxe8 31. Qd2 Bg7 32. Re1 Rxe1+ 33. Qxe1 Qxc3 34. Qxc3 Bxc3 35. Kf1 Bxb4 36. Ne5 Kg7 37. Nd3 Bd6 38. f3 Bd5 39. Bb3 Bxb3 40. axb3 a5 41. Ke2 Kf6 42. Kd2 g5 43. Kc3 Be5+ 44. Nxe5 Kxe5 45. b4 axb4+ 46. Kb3 Kd4 47. Kb2 Ke3 48. Kb3 Kf2 49. Kxb4 Kxg2 50. Kxb5 Kxf3 51. Kc4 Ke2 52. Kd4 f3 53. Ke5 f2 54. Kxf5 f1Q+ 55. Kg4 Qf4+ 56. Kh5 Qh4+ 57. Kg6 g4 58. hxg4 Qxg4+ 59. Kh7 h5 60. Kh6 h4 61. Kh7 h3 62. Kh8 h2 63. Kh7 h1R# 0-1

[Event "GER-ch U10 Girls"]
[Site "Willingen"]
[Date "2019.06.10"]
[Round "3"]
[White "Voecking, Julia"]
[Black "Bako, Isabella"]
[Result "1-0"]
[WhiteElo "812"]
[BlackElo "1215"]
[PlyCount "61"]
[EventDate "2019.06.08"]
[EventType "swiss"]
[EventRounds "11"]
[EventCountry "GER"]
[SourceTitle "EXT 2020"]
[Source "ChessBase"]
[SourceDate "2019.10.17"]
[SourceVersion "1"]
[SourceVersionDate "2019.10.17"]
[SourceQuality "1"]

1. e4 c5 2. Nf3 e6 3. d3 Nc6 4. Nbd2 Qc7 5. g3 g6 6. Bg2 Bg7 7. 0-0 Nge7 8. Re1 a6 9. Nc4 b5 10. Bf4 e5 11. Bxe5 Nxe5 12. Ncxe5 Bxe5 13. Nxe5 Qxe5 14. c3 Rb8 15. d4 Qf6 16. e5 Qf5 17. Be4 Qh3 18. Bg2 Qh6 19. dxc5 0-0 20. Qd6 Nc6 21. Bxc6 Bb7 22. Bxd7 Rfd8 23. e6 Kg7 24. c6 Bxc6 25. Qe5+ f6 26. Qc7 Bxd7 27. exd7 Kf8 28. Qd6+ Kg8 29. Qe6+ Kg7 30. Qe8 g5 31. Re7# 1-0